[Event "Arco op 40th"]
[Site "Arco"]
[Date "2018.10.17"]
[Round "5"]
[White "Franssen, Jeroen"]
[Black "Thaler, Elmar"]
[Result "1-0"]
[WhiteElo "2189"]
[BlackElo "1676"]
[PlyCount "101"]
[EventDate "2018.10.13"]
[EventType "swiss"]
[EventRounds "9"]
[EventCountry "ITA"]
[SourceTitle "CBM 186 Extra"]
[Source "ChessBase"]
[SourceDate "2018.08.24"]
[SourceVersion "1"]
[SourceVersionDate "2018.08.24"]
[SourceQuality "1"]

1. d4 d5 2. Nf3 Nf6 3. c4 dxc4 4. e3 Bf5 5. Bxc4 e6 6. 0-0 Nc6 7. Nc3 Be7 8. a3 0-0 9. Qe2 Ne4 10. Nxe4 Bxe4 11. b4 a6 12. Bb2 Bd6 13. Rac1 Ne7 14. Nd2 Bg6 15. e4 c6 16. Nb3 Qb8 17. g3 e5 18. Nc5 Rd8 19. dxe5 Bxe5 20. Bxe5 Qxe5 21. Nxb7 Rd4 22. f3 Qc7 23. Na5 Rad8 24. Nb3 R4d7 25. Rfd1 h5 26. Rxd7 Rxd7 27. Rd1 h4 28. Kg2 hxg3 29. hxg3 Nc8 30. Rxd7 Qxd7 31. Qd3 Nd6 32. Bxa6 Qe6 33. Nd2 f5 34. Bc4 Nxc4 35. Qxc4 Qxc4 36. Nxc4 fxe4 37. fxe4 Bxe4+ 38. Kf2 Kf8 39. Ke3 Bg2 40. Kd4 Ke7 41. Ke5 Bh3 42. Nb6 Bf1 43. a4 Be2 44. a5 g6 45. Na4 Kd7 46. Nc5+ Kc7 47. Kf6 Bh5 48. Kg5 Be2 49. Kxg6 Kd6 50. Kf5 Kd5 51. a6 1-0

[Event "Arco op 40th"]
[Site "Arco"]
[Date "2018.10.14"]
[Round "2"]
[White "Ottaviani, Gianluca"]
[Black "Franssen, Jeroen"]
[Result "0-1"]
[WhiteElo "1935"]
[BlackElo "2189"]
[PlyCount "156"]
[EventDate "2018.10.13"]
[EventType "swiss"]
[EventRounds "9"]
[EventCountry "ITA"]
[SourceTitle "CBM 186 Extra"]
[Source "ChessBase"]
[SourceDate "2018.08.24"]
[SourceVersion "1"]
[SourceVersionDate "2018.08.24"]
[SourceQuality "1"]

1. e4 e5 2. Nf3 Nc6 3. Bc4 Nf6 4. d3 Be7 5. 0-0 0-0 6. Re1 d6 7. a3 Na5 8. Ba2 c5 9. b4 Nc6 10. bxc5 dxc5 11. Nc3 Be6 12. Bg5 Bxa2 13. Rxa2 Nd7 14. Bxe7 Nxe7 15. Nd5 Nc6 16. c3 b5 17. d4 Re8 18. dxc5 Nxc5 19. Qe2 Rb8 20. Rd1 Qa5 21. Nh4 Qa4 22. Re1 Qc4 23. Nf5 Qxe2 24. Raxe2 Kf8 25. f3 g6 26. Nfe3 Rec8 27. Rb1 Na4 28. Rc2 a6 29. Kf2 h5 30. h4 Ke8 31. Ke1 Nb6 32. Nxb6 Rxb6 33. Nd5 Rbb8 34. Kd2 Na5 35. Kd3 Rc4 36. Rb4 Rbc8 37. Nb6 Rd8+ 38. Nd5 Rc5 39. a4 Nc6 40. Rb1 Ne7 41. c4 bxc4+ 42. Rxc4 Ra5 43. Ke3 Nxd5+ 44. exd5 Raxd5 45. Rb7 R8d7 46. Rb6 a5 47. Rc8+ Ke7 48. Ra8 R7d6 49. Rb5 Ke6 50. Raxa5 Rxb5 51. axb5 Rd4 52. g3 Rb4 53. Ra6+ Kf5 54. b6 f6 55. Kf2 g5 56. hxg5 fxg5 57. b7 Rxb7 58. Ra4 g4 59. fxg4+ hxg4 60. Ra2 Rb3 61. Kg2 Rb4 62. Kf2 Ke4 63. Re2+ Kd5 64. Rd2+ Rd4 65. Ra2 Ke4 66. Re2+ Kf5 67. Ra2 Rd3 68. Kg2 Ke4 69. Ra4+ Rd4 70. Ra2 Ke3 71. Ra5 e4 72. Rf5 Rd2+ 73. Kg1 Kd3 74. Rd5+ Ke2 75. Rf5 e3 76. Rf4 Kd3 77. Rf8 Rd1+ 78. Kg2 e2 0-1

[Event "Vlissingen HZ op 20th"]
[Site "Vlissingen"]
[Date "2016.08.09"]
[Round "5"]
[White "Franssen, Jeroen"]
[Black "De Bock, Rien"]
[Result "1-0"]
[WhiteElo "2156"]
[BlackElo "1962"]
[PlyCount "51"]
[EventDate "2016.08.06"]
[EventType "swiss"]
[EventRounds "9"]
[EventCountry "NED"]
[SourceTitle "CBM 173 Extra"]
[Source "ChessBase"]
[SourceDate "2016.08.29"]
[SourceVersion "1"]
[SourceVersionDate "2016.08.29"]
[SourceQuality "1"]

1. d4 Nf6 2. c4 c5 3. d5 b5 4. cxb5 a6 5. b6 g6 6. Nc3 Bg7 7. e4 d6 8. a4 Qxb6 9. Nf3 0-0 10. a5 Qc7 11. Be2 Nbd7 12. Nd2 Rb8 13. 0-0 Re8 14. Nc4 Bb7 15. f4 Rbd8 16. Bf3 Nf8 17. Kh1 e6 18. e5 Nxd5 19. Nxd6 Rxd6 20. exd6 Qxd6 21. Ne4 Qc7 22. Qc2 Bd4 23. Rd1 Be3 24. Bxe3 Nxe3 25. Nf6+ Kh8 26. Nxe8 1-0

[Event "Vlissingen HZ op 16th"]
[Site "Vlissingen"]
[Date "2012.08.06"]
[Round "4"]
[White "Kok, Ivo"]
[Black "Franssen, Jeroen"]
[Result "1-0"]
[WhiteElo "1989"]
[BlackElo "2163"]
[PlyCount "157"]
[EventDate "2012.08.04"]
[EventType "swiss"]
[EventRounds "9"]
[EventCountry "NED"]
[SourceTitle "CBM 149 Extra"]
[Source "ChessBase"]
[SourceDate "2012.08.24"]
[SourceVersion "1"]
[SourceVersionDate "2012.08.24"]
[SourceQuality "1"]

1. e4 e5 2. Nf3 Nc6 3. Bb5 a6 4. Ba4 Nf6 5. 0-0 Be7 6. Re1 b5 7. Bb3 0-0 8. a4 Bb7 9. c3 d6 10. Qe2 b4 11. a5 bxc3 12. dxc3 Nb8 13. Bc2 c5 14. Nbd2 Nc6 15. Nc4 Rb8 16. Rd1 Qc7 17. Nh4 Bc8 18. g3 Be6 19. Nb6 Nxa5 20. Rxa5 Rxb6 21. Rxa6 Qb7 22. Rxb6 Qxb6 23. Nf5 Bxf5 24. exf5 Re8 25. g4 h6 26. h4 Nh7 27. f6 Bxf6 28. Qe4 Nf8 29. g5 hxg5 30. hxg5 Bd8 31. Rd3 Ng6 32. Rf3 Re6 33. Qc4 e4 34. Rxf7 Kxf7 35. Bxe4 Ne5 36. g6+ Ke7 37. Bg5+ Kd7 38. Qd5 Bxg5 39. Bf5 Qxb2 40. Qxe6+ Kd8 41. Qxd6+ Ke8 42. Qxe5+ Be7 43. Qe6 Qc1+ 44. Kg2 Qg5+ 45. Kf3 Qf6 46. Qd7+ Kf8 47. Qc8+ Bd8 48. Qxc5+ Qe7 49. Qd5 Qc7 50. c4 Qe7 51. c5 Bc7 52. Bd3 Qf6+ 53. Kg2 Bd8 54. c6 Bc7 55. Bf5 Qg5+ 56. Kf1 Qc1+ 57. Ke2 Qb2+ 58. Kf3 Qc3+ 59. Kg2 Qf6 60. Bd3 Bd6 61. Be4 Ke7 62. Kf1 Qa1+ 63. Kg2 Qf6 64. Bf5 Qg5+ 65. Kf3 Qf4+ 66. Kg2 Qg5+ 67. Kf1 Qc1+ 68. Ke2 Qb2+ 69. Kf3 Qc3+ 70. Kg2 Qf6 71. c7 Qg5+ 72. Kf1 Qc1+ 73. Ke2 Qxc7 74. Qf7+ Kd8 75. Qg8+ Ke7 76. Qxg7+ Ke8 77. Qg8+ Bf8 78. Be4 Qe5 79. Qf7+ 1-0

[Event "Vlissingen HZ op 16th"]
[Site "Vlissingen"]
[Date "2012.08.05"]
[Round "3"]
[White "Franssen, Jeroen"]
[Black "Van Gemert, Rogier"]
[Result "1-0"]
[WhiteElo "2163"]
[BlackElo "1903"]
[PlyCount "53"]
[EventDate "2012.08.04"]
[EventType "swiss"]
[EventRounds "9"]
[EventCountry "NED"]
[SourceTitle "CBM 149 Extra"]
[Source "ChessBase"]
[SourceDate "2012.08.24"]
[SourceVersion "1"]
[SourceVersionDate "2012.08.24"]
[SourceQuality "1"]

1. d4 Nf6 2. c4 c5 3. d5 b5 4. cxb5 a6 5. bxa6 Bxa6 6. Nc3 d6 7. g3 Nbd7 8. Bg2 g6 9. Nf3 Bg7 10. Rb1 0-0 11. 0-0 Qc7 12. b3 Rfb8 13. Qc2 Rb6 14. h3 Rab8 15. Rd1 Qb7 16. Be3 Ne8 17. Ne1 Nc7 18. Nd3 Nb5 19. Nxb5 Rxb5 20. Nb2 Rb4 21. Bd2 Rb6 22. e4 c4 23. Nxc4 Rc8 24. Be3 Bxc4 25. bxc4 Rxc4 26. Rxb6 Nxb6 27. Qb3 1-0